[Event "Plymouth (MI Op/6/3)"]
[Site "?"]
[Date "1984.??.??"]
[Round "?"]
[White "Kensek, R.."]
[Black "Everett, Morgan"]
[Result "1/2-1/2"]
[WhiteElo "2210"]
[BlackElo "2040"]
[PlyCount "58"]
[EventDate "1984.??.??"]

{6/(3)} 1. e4 e5 2. Nf3 Nc6 3. d4 exd4 4. c3 dxc3 5. Bc4 Nf6 6. Nxc3 Bb4 7. e5
d5 8. exf6 dxc4 9. Qxd8+ Nxd8 10. fxg7 Rg8 11. Bh6 Ne6 12. O-O-O Bxc3 13. bxc3
Nxg7 14. Rhe1+ Ne6 15. Bf4 f6 16. Bxc7 Kf7 17. Bd6 Rd8 18. Re4 b5 19. Rh4 Kg7
20. Nd4 Nxd4 21. Rhxd4 Bf5 22. Rd5 Bd3 23. Re1 Re8 24. Be7 a5 25. Rd7 Kg8 26.
Re3 Ra6 27. Rb7 b4 28. Rg3+ Bg6 29. cxb4 axb4 1/2-1/2

[Event "East Detroit (MCO/2/39)"]
[Site "?"]
[Date "1984.??.??"]
[Round "?"]
[White "Kellogg, S.."]
[Black "Steen, Harold"]
[Result "0-1"]
[WhiteElo "1605"]
[BlackElo "1620"]
[PlyCount "128"]
[EventDate "1984.??.??"]

{2/(39)} 1. Nc3 Nf6 2. d4 g6 3. e4 d6 4. Be3 Bg7 5. Qd2 O-O 6. O-O-O Nc6 7. h3
e5 8. Nf3 Nd7 9. dxe5 Ndxe5 10. Nxe5 Nxe5 11. f4 Nc6 12. g4 Nb4 13. Bc4 Bxc3
14. Qxc3 a5 15. e5 b5 16. a3 bxc4 17. axb4 axb4 18. Qxb4 Ra1+ 19. Kd2 dxe5+ 20.
Ke2 Rxd1 21. Rxd1 Qh4 22. Qxc4 Qxh3 23. f5 Bb7 24. Rf1 Qg2+ 25. Rf2 Bf3+ 26.
Ke1 Qxg4 27. Qxg4 Bxg4 28. f6 Ra8 29. Kd2 h5 30. Bc5 h4 31. Ba3 h3 32. Rh2 Kh7
33. Ke3 Bf5 34. Kd2 g5 35. Ke3 g4 36. Kf2 Rg8 37. Kg3 Kg6 38. Be7 Kg5 39. Re2
e4 40. Rh2 Ra8 41. c3 Ra1 42. Bc5 Kxf6 43. Bd4+ Ke6 44. Re2 Rf1 45. Bf2 Rd1 46.
Be3 Kd5 47. Kf4 Bd7 48. Kg3 f5 49. b3 c5 50. c4+ Kc6 51. Ra2 Rd3 52. Kf4 Rxb3
53. Ra5 h2 54. Ra6+ Kb7 55. Rh6 g3 56. Bxc5 Rb1 57. Rh7 h1=Q 58. Rxd7+ Kc6 59.
Rd5 g2 60. Rxf5 Rf1+ 61. Kg5 Rxf5+ 62. Kxf5 Kxc5 63. Kxe4 g1=Q+ 64. Kd3 Qg3+
0-1

[Event "East Detroit (MCO/4/47)"]
[Site "?"]
[Date "1984.??.??"]
[Round "?"]
[White "Kellogg, S.."]
[Black "Harrell, J.."]
[Result "1-0"]
[WhiteElo "1605"]
[BlackElo "1605"]
[PlyCount "85"]
[EventDate "1984.??.??"]

{4/(47)} 1. Nf3 Nf6 2. b3 d5 3. Bb2 Bg4 4. g3 Nbd7 5. Bg2 e6 6. O-O Bd6 7. d3
c5 8. c3 Rc8 9. Na3 O-O 10. Nb5 Bb8 11. a4 a6 12. Na3 Qe7 13. c4 d4 14. Qd2 Ne5
15. Nc2 Nxf3+ 16. exf3 Bf5 17. b4 b6 18. bxc5 bxc5 19. Rfd1 e5 20. g4 Bd7 21.
h3 h6 22. Re1 Qd6 23. Bc1 Nh7 24. Re4 Bc6 25. Re2 Ng5 26. Ne1 Rfe8 27. h4 Bxf3
28. Nxf3 Nxf3+ 29. Bxf3 e4 30. Rxe4 Qh2+ 31. Kf1 Rxe4 32. Bxe4 Qxh4 33. g5 Bf4
34. Qxf4 Qh3+ 35. Ke2 Qh5+ 36. f3 hxg5 37. Qg3 Re8 38. Kf2 f6 39. Ba3 Re5 40.
Rg1 Qe8 41. Qh3 f5 42. Bd5+ Re6 43. Qxf5 1-0

[Event "East Detroit (MCO/3/41)"]
[Site "?"]
[Date "1984.??.??"]
[Round "?"]
[White "Keeley, G.."]
[Black "Schmidt, M.."]
[Result "0-1"]
[WhiteElo "1605"]
[BlackElo "1640"]
[PlyCount "70"]
[EventDate "1984.??.??"]

{3/(41)} 1. e4 c5 2. Nf3 Nc6 3. d4 cxd4 4. Nxd4 e5 5. Nb5 d6 6. Bg5 Be7 7. Bxe7
Ngxe7 8. Nxd6+ Kf8 9. Bc4 Qa5+ 10. Nc3 Nd8 11. Qf3 f6 12. Qh5 Ng6 13. O-O Be6
14. Nd5 Qc5 15. Nxf6 gxf6 16. Qh6+ Ke7 17. Nf5+ Ke8 18. Ng7+ Kf7 19. Rad1 Bxc4
20. Rd7+ Kg8 21. Nf5 Qf8 22. Rg7+ Qxg7 23. Nxg7 Nf7 24. Qh3 Kxg7 25. Rd1 Bb5
26. f4 Nxf4 27. Qg3+ Ng6 28. b3 Rad8 29. Rxd8 Rxd8 30. c4 Bc6 31. Qe3 Rd4 32.
Qc3 Nd6 33. c5 Nxe4 34. Qc1 Nf4 35. h3 Ne2+ 0-1

[Event "East Detroit (MCO/2/30)"]
[Site "?"]
[Date "1984.??.??"]
[Round "?"]
[White "Keeley, G.."]
[Black "Murray, David"]
[Result "0-1"]
[WhiteElo "1605"]
[BlackElo "2075"]
[PlyCount "68"]
[EventDate "1984.??.??"]

{2/(30)} 1. e4 c5 2. Nf3 d6 3. d4 cxd4 4. Nxd4 Nf6 5. Nc3 a6 6. Be2 g6 7. O-O
Bg7 8. h3 O-O 9. Be3 Qc7 10. Qe1 b5 11. a3 Bb7 12. Bd3 Nbd7 13. f4 Nc5 14. b4
Ncxe4 15. Nxe4 Nxe4 16. Rc1 e5 17. fxe5 dxe5 18. Nf3 Nc3 19. Bc5 e4 20. Bxf8
Rxf8 21. Ng5 exd3 22. cxd3 Qc6 23. Rc2 Re8 24. Qf2 Qd5 25. Nxf7 Bd4 26. Kh1
Bxf2 27. Rfxf2 Re2 28. Nh6+ Kg7 29. Ng4 Rxf2 30. Rxf2 Qxd3 31. Ne5 Qxh3+ 32.
Kg1 Qe3 33. Ng4 Qe1+ 34. Kh2 h5 0-1

[Event "Plymouth (MI Op/2/87)"]
[Site "?"]
[Date "1984.??.??"]
[Round "?"]
[White "Keck, M.."]
[Black "Short, T.."]
[Result "0-1"]
[WhiteElo "1605"]
[BlackElo "1605"]
[PlyCount "114"]
[EventDate "1984.??.??"]

{2/(87)} 1. d4 e6 2. c4 d5 3. e3 Nf6 4. c5 c6 5. Nc3 Be7 6. Bd3 O-O 7. Nf3 a6
8. O-O Nbd7 9. Bd2 b6 10. b4 b5 11. e4 dxe4 12. Nxe4 Nxe4 13. Bxe4 Bb7 14. Re1
h6 15. Qc1 Nf6 16. Qc3 Nxe4 17. Rxe4 Bf6 18. Bf4 Qd5 19. Re3 Rfd8 20. Rd3 Qf5
21. Be3 e5 22. Rd2 Rd5 23. dxe5 Bxe5 24. Rxd5 Bxc3 25. Rxf5 Bxa1 26. Ne5 f6 27.
Nd3 Rd8 28. Ne1 Rd1 29. Kf1 Bc3 30. Ke2 Ra1 31. Nd3 Rxa2+ 32. Kf3 Ra4 33. Rf4
a5 34. bxa5 Rxa5 35. g4 g5 36. Rxf6 Bxf6 37. Bd2 Ra3 38. Ke2 Rb3 39. f4 Bc8 40.
f5 Bc3 41. Bxc3 Rxc3 42. Kd2 Rc4 43. h3 b4 44. f6 Be6 45. Ne5 Rxc5 46. f7+ Bxf7
47. Nxf7 Kxf7 48. Kd3 b3 49. Kd4 Rb5 50. Ke4 b2 51. Kd4 Ke6 52. Ke3 b1=Q 53.
Kd4 Qb4+ 54. Kd3 Rc5 55. Ke3 Rc3+ 56. Kd2 Qb2+ 57. Kd1 Rc1# 0-1

[Event "Plymouth (MI Op/4/84)"]
[Site "?"]
[Date "1984.??.??"]
[Round "?"]
[White "Keck, M.."]
[Black "Choyke, J.."]
[Result "1/2-1/2"]
[WhiteElo "1605"]
[BlackElo "1605"]
[PlyCount "54"]
[EventDate "1984.??.??"]

{4/(84)} 1. d4 Nf6 2. c4 g6 3. Nc3 d5 4. c5 Bg7 5. Bd2 O-O 6. Nf3 c6 7. g3 b6
8. b4 bxc5 9. bxc5 Ne4 10. Bg2 f5 11. O-O Ba6 12. Re1 Nd7 13. Nxe4 fxe4 14. Ng5
Qc8 15. Ne6 Rf7 16. Nxg7 Kxg7 17. Bh3 Qc7 18. f3 exf3 19. exf3 Nf6 20. Bf4 Qd8
21. Qd2 Bc8 22. Bxc8 Rxc8 23. Rab1 Nh5 24. Be5+ Kf8 25. Qh6+ Kg8 26. f4 Nf6 27.
Rb7 Ng4 1/2-1/2

[Event "East Detroit (MCO/3/5)"]
[Site "?"]
[Date "1984.??.??"]
[Round "?"]
[White "Kebrdle, M.."]
[Black "Thomas, C.."]
[Result "1-0"]
[WhiteElo "1975"]
[BlackElo "2115"]
[PlyCount "143"]
[EventDate "1984.??.??"]

{3/(5)} 1. c4 Nf6 2. Nf3 g6 3. Nc3 Bg7 4. g3 O-O 5. Bg2 d6 6. d4 Nbd7 7. e3 Re8
8. O-O a6 9. b4 c5 10. a3 Qc7 11. Qb3 cxd4 12. exd4 Nb6 13. c5 Nbd7 14. Ng5 Rf8
15. Re1 Nb8 16. Bb2 Nc6 17. Rad1 h6 18. Nge4 Bf5 19. Nxf6+ Bxf6 20. Nd5 Qd8 21.
Nxf6+ exf6 22. d5 Na7 23. Qc3 Kg7 24. a4 Bd7 25. c6 bxc6 26. dxc6 Bxc6 27. Bxc6
Rc8 28. b5 axb5 29. axb5 Nxb5 30. Qxf6+ Qxf6 31. Bxf6+ Kxf6 32. Bxb5 Rfd8 33.
Rc1 Rb8 34. Bc6 Rb6 35. Bd5 Rb5 36. Red1 g5 37. Rc7 Rf8 38. Rd7 Ke5 39. Bc6 Rc5
40. Re1+ Kf6 41. Rxd6+ Kg7 42. Bd5 Rc7 43. Rb1 Re7 44. Rb7 Re5 45. Rdd7 Rf5 46.
f3 Rf6 47. h3 Kg6 48. Rbc7 Kg7 49. Rc6 Rf5 50. Be4 Rf6 51. Rxf6 Kxf6 52. Rd6+
Kg7 53. Kf2 Re8 54. Bd5 Re7 55. Bc4 Rc7 56. Rd4 Kf6 57. Bd3 Ra7 58. Rd6+ Kg7
59. Ke3 Re7+ 60. Kd4 h5 61. f4 gxf4 62. gxf4 f6 63. Bf5 Re1 64. Rd7+ Kf8 65.
Kd5 h4 66. Rh7 Kg8 67. Rxh4 Kf8 68. Rh7 Kg8 69. Rc7 Kf8 70. h4 Rh1 71. Ke6 Rxh4
72. Kxf6 1-0

[Event "East Detroit (MCO/6/1)"]
[Site "?"]
[Date "1984.??.??"]
[Round "?"]
[White "Kebrdle, M.."]
[Black "Stone, Ray"]
[Result "1/2-1/2"]
[WhiteElo "1975"]
[BlackElo "2290"]
[PlyCount "36"]
[EventDate "1984.??.??"]

{6/(1)} 1. Nf3 Nf6 2. d4 g6 3. g3 Bg7 4. Bg2 c5 5. c3 cxd4 6. cxd4 d5 7. O-O
O-O 8. Nc3 Ne4 9. Qb3 Nc6 10. e3 Na5 11. Qd1 Bf5 12. Nxe4 Bxe4 13. b3 Nc6 14.
Bb2 Qa5 15. Qd2 Qxd2 16. Nxd2 Bxg2 17. Kxg2 Rac8 18. Ba3 Rc7 1/2-1/2

[Event "East Detroit (MCO/1/19)"]
[Site "?"]
[Date "1984.??.??"]
[Round "?"]
[White "Kebrdle, M.."]
[Black "Steverson, Bunnard"]
[Result "1-0"]
[WhiteElo "1975"]
[BlackElo "1605"]
[PlyCount "65"]
[EventDate "1984.??.??"]

{1/(19)} 1. e4 c5 2. d4 cxd4 3. c3 dxc3 4. Nxc3 Nc6 5. Nf3 g6 6. Bc4 Bg7 7. O-O
Nf6 8. h3 O-O 9. e5 Nh5 10. g4 Nxe5 11. Nxe5 Bxe5 12. gxh5 d6 13. Qf3 e6 14.
Bh6 Bg7 15. Bxg7 Kxg7 16. Qg3 d5 17. Rfd1 Bd7 18. Bb3 Qf6 19. Rd3 Bc6 20. Re1
Kg8 21. h6 g5 22. h4 Qxh6 23. Qxg5+ Qg6 24. Rg3 Qxg5 25. hxg5 Kh8 26. f4 Rg8
27. Kf2 Rg6 28. Bc2 Rg7 29. Rh3 Bd7 30. Reh1 e5 31. Rxh7+ Rxh7 32. Rxh7+ Kg8
33. Nxd5 1-0

[Event "Plymouth (MI Op/2/29)"]
[Site "?"]
[Date "1984.??.??"]
[Round "?"]
[White "Kebrdle, M.."]
[Black "Steen, Harold"]
[Result "1/2-1/2"]
[WhiteElo "1975"]
[BlackElo "1620"]
[PlyCount "90"]
[EventDate "1984.??.??"]

{2/(29)} 1. Nc3 Nf6 2. e4 d6 3. Nf3 g6 4. d4 Bg7 5. Bg5 h6 6. Bh4 Nc6 7. Qd2
Bg4 8. Be2 Qd7 9. h3 Bxf3 10. Bxf3 e5 11. Bxf6 Bxf6 12. d5 Nd4 13. Bg4 Qe7 14.
Ne2 h5 15. Bf3 Nxf3+ 16. gxf3 Bg5 17. Qd3 a6 18. a4 Qd7 19. Qc3 O-O 20. h4 Bh6
21. Ng3 c6 22. Qd3 Rac8 23. c4 Qc7 24. Rd1 Rfd8 25. b3 b5 26. axb5 axb5 27.
dxc6 bxc4 28. bxc4 Qxc6 29. O-O Qxc4 30. Qd5 Qxd5 31. Rxd5 Rc2 32. Rfd1 Rc1 33.
Rxc1 Bxc1 34. Ne2 Bh6 35. Nc3 Bf8 36. Nb5 Be7 37. Kg2 Kg7 38. Kh3 Kf6 39. Nc3
Ke6 40. Rd3 Ra8 41. Nd5 Bd8 42. Rb3 Ra7 43. Rb8 Be7 44. Re8 Rb7 45. Kg3 Ra7
1/2-1/2

[Event "Plymouth (MI Op/6/15)"]
[Site "?"]
[Date "1984.??.??"]
[Round "?"]
[White "Kebrdle, M.."]
[Black "Johnson, Ty"]
[Result "0-1"]
[WhiteElo "1975"]
[BlackElo "2120"]
[PlyCount "72"]
[EventDate "1984.??.??"]

{6/(15)} 1. e4 Nf6 2. e5 Nd5 3. c4 Nb6 4. c5 Nd5 5. Bc4 e6 6. d4 d6 7. cxd6
cxd6 8. Nf3 Nc6 9. O-O Be7 10. Qe2 O-O 11. a3 Nb6 12. Bd3 dxe5 13. dxe5 Nd7 14.
Nc3 Nc5 15. Bc2 a5 16. Rd1 Qc7 17. Nb5 Qb8 18. Bf4 f5 19. Nd6 b6 20. Nd4 Bd7
21. Rac1 a4 22. Qf3 Nxd4 23. Rxd4 Qc7 24. Bb1 Bc6 25. Qg3 Nb3 26. Bh6 Bxd6 27.
exd6 Nxd4 28. Qe5 Qd7 29. Ba2 gxh6 30. Qxd4 Bd5 31. Rc3 Qxd6 32. Rg3+ Kf7 33.
Bxd5 Qxd5 34. Qg7+ Ke8 35. h3 Rf7 36. Qg8+ Ke7 0-1

[Event "East Detroit (MCO/5/2)"]
[Site "?"]
[Date "1984.??.??"]
[Round "?"]
[White "Kebrdle, M.."]
[Black "Johnson, Ty"]
[Result "1-0"]
[WhiteElo "1975"]
[BlackElo "2105"]
[PlyCount "67"]
[EventDate "1984.??.??"]

{5/(2)} 1. d3 g6 2. Nf3 Bg7 3. c4 d6 4. Nc3 e5 5. g3 Nc6 6. Bg2 Nge7 7. O-O O-O
8. Rb1 Bg4 9. h3 Bf5 10. e4 Bd7 11. b4 Qc8 12. Kh2 f5 13. b5 Nd8 14. Bg5 Rf7
15. Nd5 Bf8 16. c5 h6 17. Bxe7 Bxe7 18. Nxe7+ Rxe7 19. cxd6 cxd6 20. Rc1 Qb8
21. Nh4 Kg7 22. exf5 Bxf5 23. Nxf5+ gxf5 24. Qh5 Rf7 25. Bd5 Rf8 26. Rc4 Rf6
27. Rfc1 Nf7 28. Rc7 Qg8 29. Rxb7 Rf8 30. Rcc7 e4 31. dxe4 fxe4 32. Kg2 e3 33.
fxe3 Kh8 34. Rxf7 1-0

[Event "Plymouth (MI Op/4/43)"]
[Site "?"]
[Date "1984.??.??"]
[Round "?"]
[White "Kebrdle, M.."]
[Black "Haakonstad, Olaf"]
[Result "1-0"]
[WhiteElo "1975"]
[BlackElo "1635"]
[PlyCount "59"]
[EventDate "1984.??.??"]

{4/(43)} 1. c4 Nf6 2. Nf3 e6 3. d4 d5 4. Nc3 Bb4 5. g3 O-O 6. Bg2 c6 7. O-O Re8
8. a4 b6 9. Ne5 Bb7 10. Qc2 Qc7 11. Bf4 Nbd7 12. Nxf7 e5 13. dxe5 Nxe5 14. Nxe5
Rxe5 15. cxd5 cxd5 16. Qb3 Bxc3 17. bxc3 Rae8 18. e4 Qd7 19. Bxe5 Rxe5 20. exd5
Bxd5 21. Bxd5+ Qxd5 22. Qxd5+ Nxd5 23. c4 Nc3 24. Kg2 Re2 25. Ra3 Rc2 26. Re1
Kf7 27. a5 b5 28. cxb5 Nxb5 29. Rf3+ Kg6 30. Re6+ 1-0

[Event "Plymouth (MI Op/1b/41)"]
[Site "?"]
[Date "1984.??.??"]
[Round "?"]
[White "Karadsheh, Z.."]
[Black "West, J.."]
[Result "0-1"]
[WhiteElo "1605"]
[BlackElo "1605"]
[PlyCount "100"]
[EventDate "1984.??.??"]

1. e4 e5 2. Nf3 Nf6 3. Nxe5 Qe7 4. Nf3 Nxe4 5. Qe2 d5 6. d4 Bg4 7. h3 Bh5 8.
Nc3 Qe6 9. Be3 Bb4 10. Ng5 Bxe2 11. Nxe6 fxe6 12. Bxe2 Nxc3 13. Bh5+ g6 14.
Bxg6+ hxg6 15. a3 Ba5 16. Bd2 Nb5 17. Bxa5 Nxd4 18. O-O-O b6 19. Bd2 Nbc6 20.
Bg5 Rf8 21. Rhe1 e5 22. c3 Ne6 23. Bh4 g5 24. Bg3 Nf4 25. Bxf4 Rxf4 26. Rxd5
Rd8 27. Rxd8+ Kxd8 28. Re2 Kd7 29. Kd2 Ne7 30. g3 Rf5 31. Ke3 Ke6 32. Rd2 Nd5+
33. Ke4 Nf6+ 34. Ke3 c5 35. c4 Nd7 36. Ke4 Nf6+ 37. Ke3 e4 38. Rd8 Ke5 39. Ra8
Rf3+ 40. Ke2 Rb3 41. Rxa7 Rxb2+ 42. Ke3 Rc2 43. Rg7 Kf5 44. g4+ Nxg4+ 45. hxg4+
Kxg4 46. Kxe4 Rxc4+ 47. Kd3 Ra4 48. f3+ Kxf3 49. Rxg5 Rxa3+ 50. Kc4 Ra4+ 0-1

[Event "Plymouth (MI Op/5/49)"]
[Site "?"]
[Date "1984.??.??"]
[Round "?"]
[White "Karadsheh, Z.."]
[Black "Johnson, C.."]
[Result "0-1"]
[WhiteElo "1605"]
[BlackElo "1755"]
[PlyCount "47"]
[EventDate "1984.??.??"]

{5/(49)} 1. e4 e5 2. Nf3 d6 3. d4 Nf6 4. Bd3 Nbd7 5. d5 Nc5 6. Qe2 c6 7. c4 Be7
8. b4 Na6 9. Bd2 Bg4 10. a3 O-O 11. Be3 Qd7 12. Nbd2 Rfc8 13. O-O Nc7 14. a4 a6
15. Nb3 h6 16. Bb6 cxd5 17. exd5 Nh5 18. Nbd2 Nf4 19. Qe3 Bh3 20. gxh3 Qxh3 21.
Nh4 Qxh4 22. Be4 Bg5 23. Qe1 Nh3+ 24. Kh1 0-1

[Event "Plymouth (MI Op/3/48)"]
[Site "?"]
[Date "1984.??.??"]
[Round "?"]
[White "Karadsheh, Z.."]
[Black "Gaba, H.."]
[Result "1-0"]
[WhiteElo "1605"]
[BlackElo "1840"]
[PlyCount "120"]
[EventDate "1984.??.??"]

{3/(48)} 1. e4 e5 2. Nf3 Nc6 3. d4 exd4 4. Nxd4 Bc5 5. Nxc6 bxc6 6. Bc4 Qe7 7.
O-O d6 8. a3 Be6 9. Bxe6 Qxe6 10. b4 Bb6 11. Bb2 Nf6 12. Nd2 O-O 13. Qf3 a5 14.
Bxf6 gxf6 15. Qf5 Kh8 16. Nf3 Rg8 17. c3 Rg7 18. Nd4 Bxd4 19. Qxe6 fxe6 20.
cxd4 e5 21. dxe5 fxe5 22. Rfd1 Kg8 23. Rac1 axb4 24. axb4 Rb8 25. Rc4 Kf8 26.
Ra1 Ke7 27. Rxc6 Kd7 28. Rac1 Rb7 29. h3 Rg8 30. g4 h5 31. f3 hxg4 32. fxg4
Rxb4 33. Rxc7+ Ke6 34. R7c4 Rb3 35. R1c3 Rb2 36. Rc2 Rb3 37. Kg2 Rh8 38. R2c3
Rb2+ 39. Kg3 Rf8 40. Rc2 Rb3+ 41. R4c3 Rb6 42. Re2 Rbb8 43. Rf3 Rg8 44. Ree3 d5
45. exd5+ Kxd5 46. Rd3+ Ke6 47. Rb3 Rbe8 48. Rfd3 e4 49. Rb6+ Ke5 50. Rb5+ Ke6
51. Re3 Kd6 52. Rf5 Re5 53. Kf4 Rge8 54. Rxe5 Rxe5 55. Rxe4 Ra5 56. h4 Ra8 57.
g5 Rf8+ 58. Kg4 Kd5 59. Re1 Rf2 60. h5 Rf8 1-0

[Event "Plymouth (MI Op/6/75)"]
[Site "?"]
[Date "1984.??.??"]
[Round "?"]
[White "Kappler, M.."]
[Black "Suess, J.."]
[Result "1-0"]
[WhiteElo "1605"]
[BlackElo "1605"]
[PlyCount "109"]
[EventDate "1984.??.??"]

{6/(75)} 1. e4 f6 2. Nf3 g6 3. Bc4 Nc6 4. O-O e6 5. d3 Nge7 6. Re1 Na5 7. b3
Nec6 8. d4 Nxc4 9. bxc4 d6 10. d5 Ne5 11. Nbd2 Bd7 12. c3 Qe7 13. Nxe5 fxe5 14.
Nf3 h6 15. Be3 Kd8 16. Re2 Qe8 17. Rb2 b6 18. Qb1 Ke7 19. c5 Bg7 20. cxd6+ cxd6
21. c4 g5 22. Rb4 Rb8 23. a4 a5 24. Rxb6 Qd8 25. c5 Rxb6 26. cxb6 exd5 27. Nd2
d4 28. Nc4 dxe3 29. fxe3 Rf8 30. Nxa5 Qe8 31. Qb4 Bf6 32. Nc4 Qb8 33. a5 Ke6
34. a6 Bd8 35. a7 Qb7 36. Qxd6+ Kf7 37. Nxe5+ Kg8 38. a8=Q Qxb6 39. Qxb6 Bxb6
40. Qd5+ Kh8 41. Ng6+ Kg7 42. Nxf8 Bxe3+ 43. Kf1 Be8 44. Qb7+ Kxf8 45. Ra8 Bf4
46. Qc8 Ke7 47. Qxe8+ Kd6 48. Rd8+ Kc5 49. Qa4 h5 50. Qc2+ Kb6 51. Rd1 Be5 52.
Rb1+ Bb2 53. Rxb2+ Ka5 54. Qb3 g4 55. Qa2# 1-0

[Event "Plymouth (MI Op/3/8)"]
[Site "?"]
[Date "1984.??.??"]
[Round "?"]
[White "Kappler, M.."]
[Black "Mazuchowski, Tom"]
[Result "0-1"]
[WhiteElo "1605"]
[BlackElo "2115"]
[PlyCount "82"]
[EventDate "1984.??.??"]

{3/(8)} 1. e4 e5 2. Nf3 Nc6 3. Bc4 Nf6 4. d3 Bc5 5. O-O d6 6. Nc3 Bg4 7. Bg5 h6
8. Bxf6 Qxf6 9. Nd5 Qg6 10. h3 Bxh3 11. Nh4 Qg5 12. Qf3 Qxh4 13. Qxh3 Qxh3 14.
gxh3 Kd7 15. c3 Nd8 16. b4 Bb6 17. a4 c6 18. Nxb6+ axb6 19. f4 exf4 20. Rxf4
Ke7 21. d4 Ne6 22. Rg4 g5 23. a5 bxa5 24. bxa5 Nf4 25. h4 h5 26. Rg3 gxh4 27.
Rf3 Rhg8+ 28. Kh1 Ne6 29. a6 bxa6 30. Rxa6 Rxa6 31. Bxa6 Ng5 32. Rf4 h3 33. Be2
Rh8 34. Rh4 f6 35. d5 c5 36. Rxh5 Rxh5 37. Bxh5 Nxe4 38. c4 Ng3+ 39. Kh2 Nxh5
40. Kxh3 Nf4+ 41. Kg4 Nd3 0-1

[Event "Plymouth (MI Op/2/52)"]
[Site "?"]
[Date "1984.??.??"]
[Round "?"]
[White "Kappler, M.."]
[Black "Coleman, John"]
[Result "1/2-1/2"]
[WhiteElo "1605"]
[BlackElo "1780"]
[PlyCount "107"]
[EventDate "1984.??.??"]

{2/(52)} 1. e4 c6 2. d4 d5 3. e5 Bf5 4. Nf3 Nd7 5. Bd3 Bxd3 6. Qxd3 e6 7. Nbd2
c5 8. dxc5 Bxc5 9. Nb3 Bb6 10. O-O h6 11. Re1 Ne7 12. Nh4 Nc6 13. Nf3 Rc8 14.
a3 O-O 15. c3 Bc7 16. Bf4 Na5 17. Nfd4 Nc4 18. Qg3 Kh8 19. Re2 g5 20. Qh3 Kh7
21. Qd3+ Kg7 22. Qg3 Qe7 23. h4 Rg8 24. hxg5 Kh7 25. Qd3+ Rg6 26. gxh6 Bxe5 27.
Bxe5 Ncxe5 28. Qc2 Qh4 29. g3 Qxh6 30. Kg2 Kg8 31. Rd1 Qg7 32. Nd2 Kf8 33. N2f3
Nxf3 34. Nxf3 Ke7 35. Rde1 Nc5 36. Nh4 Rf6 37. Nf5+ Rxf5 38. Qxf5 Kd7 39. Qf3
Ne4 40. Rd1 Nd6 41. Qe3 b6 42. Qe5 Qg4 43. Rd4 Qg6 44. Red2 Nc4 45. Rxc4 Rxc4
46. Rxd5+ Kc8 47. Qh8+ Kb7 48. Rd7+ Rc7 49. Rxc7+ Kxc7 50. Qa8 a5 51. b4 axb4
52. axb4 e5 53. c4 Qe6 54. c5 1/2-1/2

[Event "East Detroit (MCO/6/16)"]
[Site "?"]
[Date "1984.??.??"]
[Round "?"]
[White "Jonik, Henry"]
[Black "Moody, David"]
[Result "1-0"]
[WhiteElo "1710"]
[BlackElo "1955"]
[PlyCount "35"]
[EventDate "1984.??.??"]

{6/(16)} 1. e4 e5 2. f4 exf4 3. Nf3 d6 4. Bc4 h6 5. O-O g5 6. c3 Bg7 7. d4 Nf6
8. e5 dxe5 9. Nxe5 O-O 10. Qb3 Qe7 11. Na3 Ne4 12. Ng6 Qd8 13. Nxf8 Kxf8 14.
Bxf7 Bxd4+ 15. cxd4 Qxd4+ 16. Be3 fxe3 17. Bh5+ Ke7 18. Qf7+ 1-0

[Event "East Detroit (MCO/3/34)"]
[Site "?"]
[Date "1984.??.??"]
[Round "?"]
[White "Jonik, Henry"]
[Black "Leonard, K.."]
[Result "1-0"]
[WhiteElo "1710"]
[BlackElo "1605"]
[PlyCount "43"]
[EventDate "1984.??.??"]

{3/(34)} 1. e4 b6 2. Bc4 Bb7 3. d3 e6 4. Nc3 Nf6 5. Bg5 Be7 6. Nf3 Nc6 7. a3
O-O 8. O-O h6 9. Bh4 Ng4 10. Bg3 Nf6 11. Nb5 d6 12. Qe2 a6 13. Nc3 d5 14. Ba2
d4 15. Nd1 Nh5 16. e5 Nxg3 17. fxg3 Qd7 18. Nf2 Rae8 19. Qe4 b5 20. Rae1 Bc5
21. Qg4 Ne7 22. Ne4 1-0

[Event "East Detroit (MCO/1/45)"]
[Site "?"]
[Date "1984.??.??"]
[Round "?"]
[White "Jonik, Henry"]
[Black "Coates, J.."]
[Result "1-0"]
[WhiteElo "1810"]
[BlackElo "1605"]
[PlyCount "49"]
[EventDate "1984.??.??"]

{1/(45)} 1. e4 e5 2. f4 d6 3. Nf3 Nc6 4. Bc4 Nh6 5. h3 Be7 6. O-O O-O 7. c3 a6
8. a4 exf4 9. d4 Be6 10. d5 Bxd5 11. Bxd5 Qb8 12. Bxf4 Qa7+ 13. Kh1 Nd8 14. Na3
c6 15. Ba2 Ne6 16. Bxh6 gxh6 17. Qd2 Kg7 18. Nc2 Qc5 19. Ncd4 Bg5 20. Nxg5 Nxg5
21. Rf5 d5 22. Rxg5+ hxg5 23. Qxg5+ Kh8 24. Qf6+ Kg8 25. Nf5 1-0

[Event "East Detroit (MCO/5/29)"]
[Site "?"]
[Date "1984.??.??"]
[Round "?"]
[White "Jonik, Henry"]
[Black "Burwell, Raymond"]
[Result "1-0"]
[WhiteElo "1710"]
[BlackElo "1605"]
[PlyCount "119"]
[EventDate "1984.??.??"]

{5/(29)} 1. e4 e5 2. f4 d6 3. Bc4 Nf6 4. d3 Nc6 5. c3 exf4 6. Bxf4 Bg4 7. Nf3
Ne5 8. Bxe5 dxe5 9. Bxf7+ Ke7 10. O-O Bxf3 11. Qxf3 Kxf7 12. Qh5+ g6 13. Qxe5
Bh6 14. Qb5 c6 15. Qxb7+ Kg8 16. Na3 Rb8 17. Qxc6 Qb6+ 18. Qxb6 Rxb6 19. Nc4
Ra6 20. Rf3 Kg7 21. a3 Rf8 22. Raf1 Nd7 23. e5 Rxf3 24. Rxf3 Re6 25. d4 Re8 26.
Kf2 Rf8 27. Rxf8 Kxf8 28. Kf3 Nb6 29. Nd6 Bc1 30. b4 Bxa3 31. Ke3 Nd5+ 32. Kd3
Nxb4+ 33. cxb4 Bxb4 34. Nc8 a5 35. Kc4 Bd2 36. d5 a4 37. g3 a3 38. Kb3 h5 39.
Kxa3 h4 40. Kb3 g5 41. e6 h3 42. Nd6 g4 43. Nf5 Ba5 44. Kc4 Bb6 45. Nh6 Ke7 46.
Nxg4 Bg1 47. Kd3 Kd6 48. Ke4 Bb6 49. Ne3 Ke7 50. g4 Bc7 51. g5 Bxh2 52. Nf5+
Ke8 53. Kf3 Be5 54. g6 h2 55. Kg2 Kf8 56. d6 Ke8 57. g7 Bxg7 58. Nxg7+ Kf8 59.
Nf5 Kg8 60. Kxh2 1-0

[Event "Plymouth (MI Op/1a/9)"]
[Site "?"]
[Date "1984.??.??"]
[Round "?"]
[White "Johnson, Tyler"]
[Black "Bautista, L.."]
[Result "1-0"]
[WhiteElo "2120"]
[BlackElo "1865"]
[PlyCount "52"]
[EventDate "1984.??.??"]

1. e4 c5 2. Nf3 e6 3. d4 cxd4 4. Nxd4 a6 5. c4 Nf6 6. Nc3 Qc7 7. Be2 Nc6 8. O-O
Be7 9. Be3 d6 10. a3 O-O 11. Rc1 Rd8 12. b4 Bd7 13. Nd5 exd5 14. cxd5 Nxe4 15.
Bf3 Ng5 16. dxc6 Nxf3+ 17. Qxf3 bxc6 18. Nxc6 Bxc6 19. Rxc6 Qd7 20. Rfc1 Qe6
21. g3 Qb3 22. Rc7 Bf6 23. Qxa8 Rxa8 24. Rc8+ Bd8 25. Rxa8 h6 26. Rxd8+ Kh7 1-0

[Event "Plymouth (MI Op/3/26)"]
[Site "?"]
[Date "1984.??.??"]
[Round "?"]
[White "Johnson, Ty"]
[Black "Theuerle, P.."]
[Result "1-0"]
[WhiteElo "2120"]
[BlackElo "1640"]
[PlyCount "93"]
[EventDate "1984.??.??"]

{3/(26)} 1. e4 e5 2. Nf3 d6 3. d4 exd4 4. Nxd4 Bd7 5. Bc4 Nc6 6. Nc3 Nxd4 7.
Qxd4 Qf6 8. Qd3 c6 9. Be3 Qg6 10. O-O-O Nf6 11. f4 b5 12. Bb3 b4 13. e5 Qxd3
14. Rxd3 Bf5 15. Rd4 Ng4 16. Nd1 c5 17. Rd2 Rc8 18. exd6 Bd7 19. Re1 Kd8 20.
Bxf7 Nh6 21. Bc4 Nf5 22. Ba6 Rc6 23. Bb5 Rxd6 24. Bxd7 Rxd7 25. Bxc5 Rxd2 26.
Kxd2 Bxc5 27. Re5 Nd6 28. Kd3 Bb6 29. c4 Nb7 30. Ne3 Re8 31. Rd5+ Kc7 32. Ng4
Nc5+ 33. Kd2 Re4 34. Ne3 Rxf4 35. Rxc5+ Kd6 36. Rd5+ Ke6 37. c5 Bc7 38. Ke2 Re4
39. Rh5 h6 40. Kd3 Re5 41. Rxe5+ Bxe5 42. h3 Bxb2 43. Kc4 a5 44. Kb5 Bd4 45.
Nc4 g5 46. c6 Kd5 47. c7 1-0

[Event "East Detroit (MCO/2/9)"]
[Site "?"]
[Date "1984.??.??"]
[Round "?"]
[White "Johnson, Ty"]
[Black "Selitsky, B.."]
[Result "1-0"]
[WhiteElo "2105"]
[BlackElo "1750"]
[PlyCount "49"]
[EventDate "1984.??.??"]

{2/(9)} 1. e4 c5 2. Nf3 Nc6 3. d4 cxd4 4. Nxd4 Nf6 5. Nc3 e5 6. Ndb5 d6 7. a4
a6 8. Na3 Be6 9. Bc4 Be7 10. Be3 O-O 11. O-O Kh8 12. f3 Nd7 13. Nd5 Bg5 14.
Bxg5 Qxg5 15. Nc7 Bxc4 16. Nxc4 Rac8 17. Nd5 Nd4 18. b3 f5 19. c3 Ne6 20. Nxd6
Rc6 21. Nxf5 Nf4 22. Nxf4 exf4 23. Qxd7 Rxc3 24. Rac1 Rxb3 25. Rc8 1-0

[Event "East Detroit (MCO/4/3)"]
[Site "?"]
[Date "1984.??.??"]
[Round "?"]
[White "Johnson, Ty"]
[Black "Bohley, D.."]
[Result "1-0"]
[WhiteElo "2105"]
[BlackElo "2020"]
[PlyCount "85"]
[EventDate "1984.??.??"]

{4/(3)} 1. e4 Nc6 2. d4 d5 3. e5 Bf5 4. c3 e6 5. Bd3 Nge7 6. Nf3 Bxd3 7. Qxd3
Nf5 8. Bf4 h5 9. Nbd2 Qd7 10. h3 Nd8 11. O-O c5 12. dxc5 Bxc5 13. Nb3 Be7 14.
Nbd4 Nxd4 15. Nxd4 Nc6 16. Rfd1 g5 17. Bg3 O-O-O 18. Rac1 Nxd4 19. Qxd4 Kb8 20.
c4 Qa4 21. cxd5 Qxd4 22. Rxd4 h4 23. Bh2 Rc8 24. Rdc4 Rxc4 25. Rxc4 b5 26. Rc2
Rc8 27. Rxc8+ Kxc8 28. d6 Bd8 29. f4 gxf4 30. Bxf4 f6 31. Kf2 fxe5 32. Bxe5 Kd7
33. Ke3 Kc6 34. Ke4 Bg5 35. g4 hxg3 36. Bxg3 Bf6 37. b3 a5 38. h4 a4 39. h5
axb3 40. axb3 Bg7 41. Be5 Bh6 42. Bf4 Bf8 43. h6 1-0